Puntos de vista sobre la conservación del patrimonio arquitectónico y urbano /

Compilación que reúne una veintena de reflexiones y trabajos sobre la conservación del patrimonio arquitectónico y urbano, la mayor parte de ellas presentadas por su autor como ponencias en congresos o conferencias entre los años 1982 y 1996. El conjunto integra una serie de aproximaciones a la teor...

Disgrifiad llawn

Wedi'i Gadw mewn:
Manylion Llyfryddiaeth
Prif Awdur: Gnemmi, Horacio (autor)
Fformat: Llyfr
Iaith:Sbaeneg
Cyhoeddwyd: Córdoba, Argentina : Eudecor, 1997, c1997
Pynciau:
Tagiau: Ychwanegu Tag
Dim Tagiau, Byddwch y cyntaf i dagio'r cofnod hwn!

MARC

LEADER 00000nam^a2200000^a^4500
001 000189857
005 20250521000000.0
009 20260310102429.241
020 |a 987-9094-24-7 
037 |a Acervo ITESO - Biblioteca 
041 |a ESP 
082 |a 719. 32  |b GNE 
100 |a Gnemmi, Horacio  |e (autor) 
245 1 0 |a Puntos de vista sobre la conservación del patrimonio arquitectónico y urbano /  |c H. Gnemmi ; pról. de César Naselli. 
264 4 |a Córdoba, Argentina :  |b Eudecor,  |c 1997, c1997 
300 |a 319 p. 
336 |a texto  |b txt  |2 rdacontenido 
337 |a sin mediación  |b n  |2 rdamedio 
338 |a volumen  |b nc  |2 rdasoporte 
520 |a Compilación que reúne una veintena de reflexiones y trabajos sobre la conservación del patrimonio arquitectónico y urbano, la mayor parte de ellas presentadas por su autor como ponencias en congresos o conferencias entre los años 1982 y 1996. El conjunto integra una serie de aproximaciones a la teoría de la conservación, atravesada por referencias a casos del patrimonio argentino, que el arquitecto bonaerense Horacio Gnemmi vislumbra materializar en un corpus de ideas que respondan a las realidades arquitectónica y urbana de América Latina. 
649 |a XX 
650 |a Escritores Argentinos 
650 |a Restauración y Conservación Arquitectónica -  |z Córdoba, Argentina 
650 |a Restauración y Conservación Urbana -  |z Córdoba, Argentina 
650 |a Restauración y Conservación de Arte -  |z Córdoba, Argentina 
650 |a Restauración y Conservación de Arte -  |x Tema Principal 
650 |a Centros Históricos 
650 |a Templos Cristianos -  |z Córdoba, Argentina 
650 |a Templos Cristianos -  |z Argentina 
650 |a Universidades -  |z Córdoba, Argentina 
650 |a Universidades -  |z Argentina 
650 |a Arquitectura Religiosa -  |z Córdoba, Argentina 
650 |a Arquitectura Virreinal -  |z Córdoba, Argentina 
650 |a Arquitectura Argentina 
650 |a Arte Cristiano -  |z Córdoba, Argentina 
650 |a Arte Religioso -  |z Córdoba, Argentina 
650 |a Arte Virreinal -  |z Córdoba, Argentina 
650 |a Arte Argentino 
650 |a Urbanismo 
650 |a Arquitectura y Literatura 
650 |a Literatura Argentina -  |y Siglo XX 
650 |a Arquitectura 
650 |a Estética 
650 |a Arte 
650 |a Mújica Laínez, Manuel 
910 |a Fondo General 
920 |a Impresos - Libros 
930 |a Colección General 
905 |a 101 
901 |a 0500132890  |b IT1  |c ACC  |u 20250521 
902 |a https://opac.biblio.iteso.mx/vufind/Record/000189857